000 00454nam a2200181Ia 4500
003 GCL
008 140319s9999 xx 000 0 eng d
040 _aGCL /
_cGCL
082 0 4 _a843
_bD U
100 1 _aDUTOURD, JEAN
245 1 0 _aUNE TETE DE CHIEN /
_cDUTOURD, JEAN
260 _a[S.N] :
_bFOLIO ،
_c1988
300 _a154\P
490 _aCOLLECTION FOLIO CLASSIQUE
_v0
650 0 4 _aLITERATURE
650 0 4 _aFRENCH LITERATURE
942 _2ddc
_cBK
999 _c21764
_d21764